Civil engineering Drawing (Record no. 4689)

MARC details
000 -LEADER
fixed length control field 00395nam a22001697a 4500
005 - DATE AND TIME OF LATEST TRANSACTION
control field 20160629135125.0
008 - FIXED-LENGTH DATA ELEMENTS--GENERAL INFORMATION
fixed length control field 160629b xxu||||| |||| 00| 0 eng d
020 ## - INTERNATIONAL STANDARD BOOK NUMBER
ISBN 978-93-5014-272-1
041 ## - LANGUAGE CODE
Language code of text/sound track or separate title eng
082 ## - DEWEY DECIMAL CLASSIFICATION NUMBER
Item number 12198
100 ## - MAIN ENTRY--AUTHOR NAME
Personal name Sikka, V.b
245 ## - TITLE STATEMENT
Title Civil engineering Drawing
260 ## - PUBLICATION, DISTRIBUTION, ETC. (IMPRINT)
Name of publisher Katson
Year of publication 2012
300 ## - PHYSICAL DESCRIPTION
Number of Pages 547
650 ## - SUBJECT ADDED ENTRY--TOPICAL TERM
Topical Term Diploma Engineering
942 ## - ADDED ENTRY ELEMENTS (KOHA)
Koha item type Books
Holdings
Lost status Damaged status Home library Current library Shelving location Date acquired Cost, normal purchase price Full call number Accession Number Koha item type Collection code
    JRU Library   SHELF-46-D 29/06/2016 325.00 12198 12198 Books  
    JRU Library     29/06/2016 325.00 12198 12199 Books  
    JRU Library   SHELF-46-C 29/06/2016 325.00 12198 12200 Books  
    JRU Library   SHELF-46-D 29/06/2016 325.00 12198 12201 Books  
    JRU Library     29/06/2016 325.00 12198 12202 Books  
    JRU Library   SHELF-46-B 29/06/2016 325.00 12198 12203 Books  
    JRU Library     29/06/2016 325.00 12198 12204 Books  
    JRU Library   SHELF-46-F 29/06/2016 325.00 12198 12205 Books  
    JRU Library   SHELF-46-B 29/06/2016 325.00 12198 12206 Books  
    JRU Library   SHELF-46-A 29/06/2016 325.00 12198 12207 Books  
    JRU Library   SHELF-46-F 29/06/2016 325.00 12198 12208 Books  
    JRU Library   SHELF-46-B 29/06/2016 325.00 12198 12209 Books  
    JRU Library   SHELF-46-D 29/06/2016 325.00 12198 12210 Books  
    JRU Library   SHELF-46-B 29/06/2016 325.00 12198 12211 Books  
    JRU Library   SHELF-46-A 29/06/2016 325.00 12198 12212 Books  
    JRU Library     29/06/2016 325.00 12198 12213 Books  
    JRU Library   SHELF-46-G 29/06/2016 325.00 12198 12214 Books  
    JRU Library   SHELF-46-A 29/06/2016 325.00 12198 12215 Books  
    JRU Library   SHELF-46-A 29/06/2016 325.00 12198 12216 Books  
    JRU Library   SHELF-46-D 29/06/2016 325.00 12198 12217 Books  
    JRU Library   SHELF-46-G 29/06/2016 325.00 12198 12218 Books  
    JRU Library   SHELF-46-C 29/06/2016 325.00 12198 12219 Books  
    JRU Library   SHELF-46-F 29/06/2016 325.00 12198 12220 Books  
    JRU Library   SHELF-46-E 29/06/2016 325.00 12198 12221 Books  
    JRU Library   SHELF-46-D 29/06/2016 325.00 12198 12222 Books  
    JRU Library   SHELF-46-E 29/06/2016 325.00 12198 12223 Books  
    JRU Library   SHELF-72-A 29/06/2016 325.00 12198 12224 Books Reference
    JRU Library   SHELF-46-E 29/06/2016 325.00 12198 12225 Books  
    JRU Library   SHELF-46-B 29/06/2016 325.00 12198 12226 Books  
    JRU Library   SHELF-47-B 29/06/2016 325.00 12198 12227 Books  
    JRU Library   SHELF-46-A 29/06/2016 325.00 12198 12228 Books  
    JRU Library   SHELF-46-F 29/06/2016 325.00 12198 12229 Books  
    JRU Library   SHELF-46-A 29/06/2016 325.00 12198 12230 Books  
    JRU Library   SHELF-46-F 29/06/2016 325.00 12198 12231 Books  
    JRU Library     29/06/2016 325.00 12198 12232 Books  
    JRU Library   SHELF-46-F 29/06/2016 325.00 12198 12233 Books  
    JRU Library   SHELF-46-D 29/06/2016 325.00 12198 12234 Books  
    JRU Library   SHELF-46-A 29/06/2016 325.00 12198 12235 Books